Calculus: (Record no. 214974)

MARC details
000 -LEADER
fixed length control field 00685nam a22002057a 4500
005 - DATE AND TIME OF LATEST TRANSACTION
control field 20260301142602.0
010 ## - LCCN (DPL NO)
LC control number BACEN26
020 ## - INTERNATIONAL STANDARD BOOK NUMBER
International Standard Book Number 9789353509064
Terms of availability 1450.00
037 ## - SOURCE OF ACQUISITION
Source of stock number/acquisition Cengage Learning India
082 ## - DEWEY DECIMAL CLASSIFICATION NUMBER
Edition number 9
Classification number 515
100 ## - MAIN ENTRY--PERSONAL NAME
Personal name Stewart, James
245 ## - TITLE STATEMENT
Title Calculus:
Remainder of title Early Transcendentals/
Statement of responsibility, etc by James Stewart, Daniel K. Clegg [and] Saleem Watson
250 ## - EDITION STATEMENT
Edition statement 9
260 ## - PUBLICATION, DISTRIBUTION, ETC. (IMPRINT)
Date of publication, distribution, etc 2025
Place of publication, distribution, etc Delhi
Name of publisher, distributor, etc Cengage Learning India
270 ## - ADDRESS
Address T-303, 3rd Floor, DAV Complex, Plot No3, Mayur Vihar pHase 1
City Delhi
Postal code 110091
300 ## - PHYSICAL DESCRIPTION
Extent vp.
Dimensions 25cm(pb)
700 ## - ADDED ENTRY--PERSONAL NAME
Personal name Clegg, Daniel K.
9 (RLIN) 87484
700 ## - ADDED ENTRY--PERSONAL NAME
Personal name Watson, Saleem
9 (RLIN) 87485
942 ## - ADDED ENTRY ELEMENTS (KOHA)
Item type English Books
Source of classification or shelving scheme Dewey Decimal Classification
Classification part 515
Call number suffix STE

No items available.


© Delhi Public Library
Hit Counter
free hit counter